Visualizzazione normale
Vista MARC
- Surace D.
di Personal Name
Records bibliografici associati: 1
001 - CONTROL NUMBER
- control field: 18094
003 - CONTROL NUMBER IDENTIFIER
- control field: IT-RoPau
005 - DATE AND TIME OF LATEST TRANSACTION
- control field: 20140401161520.0
008 - FIXED-LENGTH DATA ELEMENTS
- fixed length control field: 140401|| aca||aabn | a|a d
040 ## - CATALOGING SOURCE
- Original cataloging agency: IT-RoPau
- Transcribing agency: IT-RoPau
100 ## - HEADING--PERSONAL NAME
- Personal name: Surace D.
- Miscellaneous information: Codice autore musica SPICS: 22538
- Relator term: Autore musica
- Name of part/section of a work: Plin plun plan
670 ## - SOURCE DATA FOUND
- Source citation: Work cat.: (IT-RoPau)102633: AA.VV. 794, Joseph Montzel e la sua orchestra (2)